Top 100 Biggest Cities in US States that Start with N - Statistics

General Stats
  • This quiz has been taken 253 times
  • The average score is 43 of 100
Answers on the Map
Answers color-coded by a green-red scale on the quiz's map according to % correct below.
 
Answer Stats
State City Population % Correct
New York New York City 8,323,340
98%
New Jersey Newark 282,862
91%
Nevada Las Vegas 662,000
87%
New Mexico Albuquerque 561,188
86%
Nevada Reno 260,258
85%
New York Buffalo 255,244
84%
New York Albany 96,853
83%
North Carolina Charlotte 905,318
83%
Nebraska Omaha 470,702
83%
North Carolina Raleigh 481,958
83%
Nebraska Lincoln 293,905
82%
Nevada North Las Vegas 253,923
81%
New York Rochester 203,792
80%
New Mexico Santa Fe 85,502
79%
North Dakota Fargo 129,530
78%
North Dakota Bismarck 74,162
77%
Nevada Carson City 56,336
76%
New Jersey Jersey City 271,099
76%
New York Syracuse 140,987
76%
New York Yonkers 199,021
73%
North Carolina Durham 282,737
72%
New Jersey Trenton 84,386
72%
North Carolina Greensboro 299,946
71%
New Hampshire Manchester 113,441
71%
Nevada Henderson 330,084
70%
North Carolina Concord 98,842
69%
New Hampshire Concord 43,840
69%
North Carolina Winston-Salem 251,762
69%
New Mexico Las Cruces 104,148
64%
New York Niagara Falls 47,606
60%
New York Utica 59,672
60%
North Carolina Asheville 93,758
59%
North Carolina Fayetteville 205,646
58%
New Jersey Elizabeth 129,147
57%
New Mexico Roswell 46,977
56%
North Carolina Cary 175,102
54%
New Hampshire Nashua 90,080
53%
New Jersey Paterson 145,871
52%
North Carolina Wilmington 126,669
52%
New Jersey Camden 73,811
48%
Nevada Sparks 108,334
48%
North Dakota Grand Forks 57,060
46%
New York New Rochelle 77,912
46%
New York Schenectady 66,107
46%
New York Binghamton 43,843
45%
North Carolina High Point 112,900
45%
New Mexico Rio Rancho 101,475
45%
North Carolina Greenville 95,183
42%
New Jersey Hoboken 53,445
39%
North Dakota Minot 45,732
39%
Nevada Paradise 233,689
39%
New York Troy 49,054
39%
North Carolina Chapel Hill 59,606
37%
New Mexico Farmington 44,044
37%
Nebraska Grand Island 51,440
36%
New York Mount Vernon 66,955
35%
New York White Plains 58,823
33%
North Carolina Burlington 55,720
31%
New Jersey Passaic 69,816
30%
Nebraska Bellevue 53,945
29%
New York Hempstead 55,241
29%
New Jersey Vineland 59,232
28%
New Jersey Bayonne 65,075
26%
North Carolina Gastonia 79,784
26%
New Jersey Clifton 85,279
25%
North Carolina Jacksonville 72,926
24%
Nevada Enterprise 164,314
23%
New Jersey New Brunswick 55,960
23%
North Carolina Rocky Mount 53,524
23%
New Jersey Union City 68,718
23%
New Jersey Toms River 88,712
22%
North Carolina Apex 59,842
20%
New Jersey Hackensack 45,074
20%
North Carolina Hickory 41,595
19%
New Jersey West New York 53,226
19%
New Jersey East Orange 64,341
18%
New Jersey Perth Amboy 52,066
18%
New York Tonawanda 57,280
18%
North Carolina Kannapolis 52,147
17%
New Jersey Kearny 41,386
17%
New York Cheektowaga 74,026
16%
New Jersey Lakewood 55,532
15%
North Carolina Wilson 49,415
15%
Nevada Sunrise Manor 192,934
14%
North Carolina Huntersville 59,260
13%
New York Irondequoit 50,427
12%
New Jersey Plainfield 50,915
12%
Nevada Spring Valley 199,722
12%
New Jersey Linden 42,764
10%
North Carolina Wake Forest 48,048
10%
New York West Seneca 45,332
10%
New York Freeport 43,040
9%
New York Levittown 51,539
7%
New Jersey Sayreville 44,948
7%
New Mexico South Valley 41,011
5%
New York Brentwood 62,942
4%
New York Hicksville 42,649
4%
North Carolina Indian Trail 41,059
4%
Nevada Whitney 43,072
3%
New York West Babylon 42,918
2%
No matching quizzes found
Score Distribution
Percent of People with Each Score
Percentile by Number Answered
Your Score History
You have not taken this quiz